000
00327nam a22001337a 4500
008
180927b xxu||||| |||| 00| 0 eng d
020
_a
9781429209892
041
_a
eng
080
_a
541
100
_a
12
101
_a
KIM
245
_a
Investigation Chemistry A Forensic Science Perspective
_c
Johl.M M
942
_2
udc
_c
BK
999
_c
48628
_d
48628